Managerial economics (Record no. 395941)

MARC details
000 -LEADER
fixed length control field 00489 a2200193 4500
005 - DATE & TIME
control field 20260210104616.0
008 - FIXED-LENGTH DATA ELEMENTS--GENERAL INFORMATION
fixed length control field 260209b |||||||| |||| 00| 0 eng d
020 ## - ISBN
International Standard Book Number 9789364139427
Price Rs. 1895.00
040 ## - CATALOGING SOURCE
Original cataloging agency VIVEKANANDA LIBRARY
082 ## - DDC NUMBER
Classification number 658.403
Book Number S58M
100 ## - MAIN ENTRY--PERSONAL NAME
Personal name Lal, Sanjay
245 ## - TITLE STATEMENT
Title Managerial economics
260 ## - PUBLICATION, DISTRIBUTION, ETC. (IMPRINT)
Name of publisher, distributor, etc Arihant Books
Date of publication, distribution, etc 2024
Place of publication, distribution, etc New Delhi
300 ## - PHYSICAL DESCRIPTION
Pages viii, 248
650 ## - Subject
Subject Management
650 ## - Subject
Subject Managerial Economics
650 ## - Subject
Subject Consumer Behaviour
942 ## - ADDED ENTRY ELEMENTS (KOHA)
Koha item type Books
Holdings
Withdrawn status Lost status Source of classification or shelving scheme Damaged status Not for loan Location (home branch) Sublocation or collection (holding branch) Shelving location Date acquired Koha issues (times borrowed) Koha full call number Accession No. Koha date last seen Koha item type
    Dewey Decimal Classification     VIVEKANANDA LIBRARY VIVEKANANDA LIBRARY Vivekananda Library 13/01/2026   658.403 S58M 444355 13/01/2026 Books
© Designed and Maintained by Vivekananda Library, MDU Rohtak